Normal view
MARC view
Entry Personal Name
001 - CONTROL NUMBER
- control field: 36432
003 - CONTROL NUMBER IDENTIFIER
- control field: ARRUPE
005 - DATE AND TIME OF LATEST TRANSACTION
- control field: 20170927122638.0
008 - FIXED-LENGTH DATA ELEMENTS
- fixed length control field: 170927|| aca||aabn | a|a d
040 ## - CATALOGING SOURCE
- Original cataloging agency: ARRUPE
- Transcribing agency: ARRUPE
100 ## - HEADING--PERSONAL NAME
- Personal name: Oliver, Douglas L.
670 ## - SOURCE DATA FOUND
- Source citation: Work cat.: (ARRUPE)41266: Oliver, Douglas L., Invitation to anthropology., 1964.